[Event "1st Spring Festival Weekend 2021"]
[Site "Bassano del Grappa"]
[Date "2021.03.12"]
[Round "1.1"]
[White "Bernadskiy, Vitaliy"]
[Black "Hercegovac, Neven"]
[Result "1-0"]
[WhiteElo "2599"]
[BlackElo "1975"]
[Annotator "TA"]
[PlyCount "97"]
[EventDate "2021.03.12"]
[EventType "swiss"]
[EventCountry "ITA"]
[SourceTitle "playchess.com"]
[Source "ChessBase"]
[SourceQuality "1"]

{[%evp 10,97,45,26,46,51,52,33,52,47,53,54,47,43,49,5,10,-8,41,46,83,75,78,78,79,63,94,31,52,51,49,49,80,77,84,76,100,44,45,32,37,30,97,96,99,99,99,99,98,90,90,90,100,101,231,117,115,110,129,16,16,16,16,16,17,16,25,7,30,22,37,18,124,82,77,25,654,627,591,603,639,629,771,758,746,696,643,627,549,536]} 1. e4 c5 2. Nc3 a6 3. Nge2 b5 4. d4 cxd4 5. Nxd4 Bb7 6. Bd3 g6 {6...Nc6 is becoming the main line. B28: Sicilian: 2 Nf3 a6 (O'Kelly Variation).} 7. O-O Bg7 8. Nb3 {has lost popularity (8.Be3).} d6 {White is slightly better.} 9. a4 b4 10. Nd5 Bxd5 11. exd5 Nf6 12. a5 {[#]} O-O $146 ({Predecessor:} 12... Qc8 13. Re1 Ra7 14. Qf3 Rc7 15. Bh6 O-O 16. Bxg7 Kxg7 17. Nd4 Qb7 18. Nc6 e5 19. Nxb8 Rxb8 {0-1 (40) Gonzales,R (2290)-Li Torres,M (2365) Matanzas 1995}) 13. Ra4 {[%cal Ba1a4,Ba4b4,Bb4b7][%mdl 32]} Nbd7 (13... Qd7 $5 {[%cal Rd7a4]} 14. Rxb4 Nxd5 $11) 14. Bc4 Nc5 15. Rxb4 Nxb3 16. Bxb3 Qxa5 17. Rb7 Rfe8 18. Qe1 (18. Re1 $16) 18... Qxe1 19. Rxe1 Bf8 20. Ba4 Reb8 21. Rxb8 Rxb8 22. Bc6 Ng4 23. f4 (23. b3 $16) 23... f5 $14 24. b3 Nf6 25. Be3 Ne4 (25... Rb4 $11) 26. Ra1 $16 Nc5 27. Bxc5 dxc5 28. Rxa6 {[%mdl 4096] Endgame KRB-KRB} Bg7 29. Kf1 Bd4 30. Ke2 Rb4 31. g3 Bg1 {[#]} (31... Bf6 $16) 32. Ra1 (32. d6 $1 $18 exd6 33. Bd5+ {[%mdl 64] Discovered Attack} Kf8 34. Ra8+ (34. Rxd6 Bxh2 35. c3 Rb5 $18) 34... Kg7 35. c3) 32... Bd4 33. Ra8+ Kf7 34. Kd3 (34. Bd7 $16) 34... Bg1 $11 35. c3 Rb6 36. Ra2 {Rg2 is the strong threat.} Rxb3 37. Kc4 Rb6 38. Bb5 h6 39. Bd7 Rb8 40. h4 Kg7 (40... h5 $1 $11 {keeps the balance.}) 41. Bb5 {Strongly threatening Rg2.} Kf7 42. Rb2 (42. Rg2 $16 Be3 43. h5) 42... Kg7 $2 {[%mdl 8192] [#]} (42... h5 $11) 43. Rg2 $1 $18 {White is clearly winning.} Be3 44. Re2 Bg1 45. Rxe7+ Kf6 46. d6 Rb6 47. Re1 {Hoping for d7.} Bf2 {[#]} 48. d7 $1 {[%mdl 512]} Rd6 49. Re8 {Weighted Error Value: White=0.18/Black=0.32} 1-0

[Event "1st Spring Festival Weekend 2021"]
[Site "Bassano del Grappa"]
[Date "2021.03.12"]
[Round "1.2"]
[White "Pasin, Mattia"]
[Black "Plat, Vojtech"]
[Result "0-1"]
[WhiteElo "1973"]
[BlackElo "2555"]
[Annotator "TA"]
[PlyCount "50"]
[EventDate "2021.03.12"]
[EventType "swiss"]
[EventCountry "ITA"]
[SourceTitle "playchess.com"]
[Source "ChessBase"]
[SourceQuality "1"]

{[%evp 9,50,19,14,14,16,18,20,0,14,16,44,27,44,-35,-35,-30,-39,-26,-25,-26,-31,-46,-40,-66,-23,-39,0,-70,-54,-82,-41,-67,-68,-71,-61,-568,-182,-1562,-896,-814,-779,-780,-724]} 1. d4 d6 2. c4 e5 3. d5 f5 4. e4 fxe4 5. Nc3 Nf6 6. Nge2 {A41: 1 d4 d6: Tartakower System and Modern Defence.} Bf5 7. Ng3 Bg6 8. h4 {The position is equal.} h6 9. Qc2 Nbd7 {[%cal Bb8d7,Bd7c5,Bc5d3][%mdl 32]} 10. Ncxe4 Nxe4 11. Nxe4 (11. Be3 $1 $14) 11... Nc5 $15 12. Bd3 Nxd3+ 13. Qxd3 Be7 14. h5 Bh7 15. Be3 O-O 16. O-O-O c6 {[#]} 17. f3 $146 ({Predecessor:} 17. Kb1 Qa5 18. f3 c5 19. Bd2 Qd8 20. Ka1 a6 21. Rhf1 Rb8 22. Rde1 Bh4 23. Rd1 {0-1 (55) Teofilovic,V (2278)-Biti,O (2374) Portoroz 2004}) 17... Kh8 18. dxc6 ({Better is} 18. Kb1 $11) 18... bxc6 19. Qd2 {[%cal Re4d6]} Rb8 20. Nxd6 Bxd6 21. Qxd6 Qa5 22. a3 $2 {[%mdl 8192] This costs White the game.} (22. Qa3 $15 Qxa3 23. bxa3) 22... Qa4 $2 $40 {[%mdl 128] Black goes for the king.} (22... Rfd8 23. Qxd8+ Rxd8 24. Rxd8+ Qxd8) 23. Qd2 {[#]} (23. Rd2) 23... Qxa3 $3 {[%cal Ra3a1][%mdl 512] Black is clearly winning.} 24. Qc3 Qa1+ 25. Kd2 Rxb2+ {Weighted Error Value: White=0.76/Black=0.90} 0-1

[Event "1st Spring Festival Weekend 2021"]
[Site "Bassano del Grappa"]
[Date "2021.03.12"]
[Round "1.3"]
[White "Checa, Nicolas"]
[Black "Brotto, Alessandro"]
[Result "1-0"]
[WhiteElo "2546"]
[BlackElo "1970"]
[Annotator "TA"]
[PlyCount "109"]
[EventDate "2021.03.12"]
[EventType "swiss"]
[EventCountry "ITA"]
[SourceTitle "playchess.com"]
[Source "ChessBase"]
[SourceQuality "1"]

{[%evp 13,109,17,18,8,11,11,4,0,8,8,0,0,0,0,0,0,0,0,0,0,0,0,0,2,39,23,33,31,33,27,27,34,42,53,52,48,49,40,51,47,61,59,54,61,62,61,59,58,52,62,62,61,62,48,40,40,40,26,22,23,82,15,82,82,93,85,308,295,280,255,255,247,240,233,277,233,252,249,29971,29972,29971,29973,29973,29974,29973,29974,29978,29976,29976,29977,29977,29978,29978,29979,29978,29980,29980,29980]} 1. d4 d5 2. c4 c6 3. Nf3 Nf6 4. e3 Bg4 5. Nc3 e6 6. h3 Bxf3 7. Qxf3 Nbd7 8. Bd2 $1 {[%mdl 4] is now more promising than 8.Bd3. D11: Slav Defence: 3 Nf3 sidelines and 3...Nf6 4 e3 Bg4.} Bb4 9. Bd3 O-O 10. O-O {The position is equal.} Nc5 11. dxc5 {[#] Hoping for cxd5.} dxc4 12. Bxh7+ Nxh7 13. Rfd1 Bxc5 14. Ne4 Ng5 {[#]} 15. Qg4 $146 ({Predecessor:} 15. Nxg5) 15... Nxe4 16. Bc3 {[%csl Gc3][%cal Rg4g7]} Qg5 17. Qxe4 Rfd8 18. Qxc4 Rd5 19. Rxd5 Qxd5 20. Qg4 {[%csl Gc3][%cal Rg4g7]} Bf8 21. Rd1 Qxa2 22. Rd7 Qb1+ 23. Kh2 Qf5 24. Qxf5 exf5 25. Rxb7 $14 {[%mdl 4096] Endgame KRB-KRB} g6 26. Ba5 Bd6+ 27. g3 Rb8 28. Rxb8+ Bxb8 {KB-KB} 29. Kg2 Be5 30. b3 Kf8 31. Bb4+ Ke8 32. Bc5 a6 33. Bd4 Bd6 34. Kf3 Kd7 35. e4 fxe4+ 36. Kxe4 Ke6 (36... f5+ $11 37. Kd3 Ke6) 37. g4 (37. h4 $16) 37... Be7 (37... f5+ $1 $11 {keeps the balance.} 38. gxf5+ gxf5+ 39. Kd3 Kf7) 38. Be3 $16 c5 39. f3 f5+ $2 {[#] A mistake that costs the game.} (39... g5 $16 {was called for.}) 40. gxf5+ $1 $18 gxf5+ 41. Kd3 Kd5 42. Bf2 f4 43. h4 Bd8 44. Be1 Bf6 45. h5 {And now h6 would win.} Ke5 $2 (45... Bg7 $18 46. Bc3 Bf8) 46. Bc3+ {White mates.} Kf5 47. Bxf6 Kxf6 {K3P-K3P} 48. Kc4 Kg5 49. Kxc5 Kxh5 {KPP-KPP} 50. Kd5 ({Weaker is} 50. Kb6 Kh4 $11) 50... a5 51. Ke4 Kg5 52. Ke5 Kg6 53. Kxf4 Kf6 54. Ke4 Ke6 55. Kd4 {Weighted Error Value: White=0.05/Black=0.33} 1-0

[Event "1st Spring Festival Weekend 2021"]
[Site "Bassano del Grappa"]
[Date "2021.03.12"]
[Round "1.4"]
[White "Cassi, Elisa"]
[Black "Niemann, Hans Moke"]
[Result "0-1"]
[WhiteElo "1966"]
[BlackElo "2526"]
[Annotator "TA"]
[PlyCount "76"]
[EventDate "2021.03.12"]
[EventType "swiss"]
[EventCountry "ITA"]
[SourceTitle "playchess.com"]
[Source "ChessBase"]
[SourceQuality "1"]

{[%evp 15,76,0,0,0,20,19,43,41,58,48,46,42,43,54,41,27,33,35,35,-28,16,-29,0,-47,-46,-44,-33,-123,-116,-112,-112,-118,-108,-161,-154,-152,-145,-229,-232,-227,-225,-374,-316,-297,-311,-301,-309,-510,-420,-529,-505,-616,-646,-622,-598,-672,-667,-589,-668,-658,-630,-531,-473]} 1. e4 c5 2. Nf3 d6 3. d4 cxd4 4. Nxd4 Nf6 5. Nc3 a6 6. Be2 e5 7. Nf3 Be7 8. Bg5 Nbd7 9. a4 {9.a4 is better than 9.0-0. B92: Sicilian Najdorf: 6 Be2.} h6 10. Be3 b6 11. Nd2 {White is slightly better.} Bb7 12. Bc4 O-O 13. Qe2 Qc7 14. O-O Nc5 15. Bxc5 Qxc5 {[#]} 16. Qd3 $146 ({Predecessor:} 16. Rfe1 Rfc8 17. Rad1 Bf8 18. Bb3 Bc6 19. Qc4 Be8 20. Qxc5 dxc5 21. Nc4 b5 22. Nb6 {1-0 (63) Nihal,S (2576)-Adly,A (2626) Sitges 2018}) 16... Rfc8 17. Ra3 (17. Rfe1 $14) 17... g6 18. Rb1 Kg7 19. Ba2 b5 {[#] And now ...b4 would win.} 20. b4 Qc7 21. Nd5 {Black continues to play with concentration.} ({White should try} 21. Rb2 $15) 21... Bxd5 $17 22. Bxd5 Nxd5 23. Qxd5 Qxc2 24. Rba1 (24. g3 $17 Rab8 25. a5) 24... Rab8 $19 25. Rf3 Rf8 26. h4 (26. Rb3 $17) 26... bxa4 27. Nc4 {[#]} Rb5 $1 {[%cal Rb5d5]} ({But not} 27... Bxh4 28. Nxd6 Bf6 29. Nb7 $17 (29. Rxf6 $2 Kxf6 30. Nb7 Kg7 $19)) (27... Rxb4 28. Nxe5 dxe5 29. Qxe5+ Kg8 30. Qxe7) 28. Qc6 (28. Ne3 $142 Qb2 29. Qa2 Qxa2 30. Rxa2) 28... Rxb4 29. Qd7 {If only White now had time for Na3....} Qxc4 ({Don't take} 29... Bxh4 30. Nxd6 Bf6 31. g3 $19 (31. Ne8+ $2 Rxe8 32. Qxe8 Rxe4 $19)) 30. Qxe7 Qe6 31. Qa7 (31. Qxe6 fxe6 32. Rd3) 31... Rxe4 32. Qxa6 Rxh4 {Black is clearly winning.} 33. Rxa4 Rxa4 34. Qxa4 {KQR-KQR} Rc8 35. Rh3 Rc4 36. Qd1 d5 37. Qd2 h5 38. Qg5 {intending Rxh5.} Rg4 {Weighted Error Value: White=0.43/Black=0.10} 0-1

[Event "1st Spring Festival Weekend 2021"]
[Site "Bassano del Grappa"]
[Date "2021.03.12"]
[Round "1.5"]
[White "Basso, Pier Luigi"]
[Black "Bossi, Alessandro"]
[Result "1-0"]
[WhiteElo "2521"]
[BlackElo "1965"]
[Annotator "TA"]
[PlyCount "43"]
[EventDate "2021.03.12"]
[EventType "swiss"]
[EventCountry "ITA"]
[SourceTitle "playchess.com"]
[Source "ChessBase"]
[SourceQuality "1"]

{[%evp 9,43,34,37,43,44,34,50,42,70,56,145,132,139,132,397,424,389,377,416,413,407,279,279,279,302,292,313,318,320,320,320,309,323,306,336,310]} 1. d4 d5 2. c4 c5 3. cxd5 Qxd5 4. Nf3 cxd4 5. Nc3 {[%cal Bb1c3,Bc3b5,Bb5d6][%mdl 32]} Qa5 6. Nxd4 {D06: Queen's Gambit: Symmetrical and Baltic Defences.} e5 7. Nb3 Qc7 8. Nb5 {[#] White is slightly better.} Qb6 $146 ({Predecessor:} 8... Qc6 9. e3 Qd7 10. Qxd7+ Kxd7 11. Bc4 a6 12. Nc3 Ke8 13. Nd5 Ra7 14. Nb6 Bb4+ {1-0 (49) Goganov,A (2620)-Bezgodov,A (2493) Kolomna 2016}) 9. e4 $1 {And now Be3 would win.} Bb4+ ({Better is} 9... a6 $1 $14 10. Qc2 Nc6) 10. Bd2 $16 Bxd2+ 11. Qxd2 Nf6 $2 {[%mdl 8192]} (11... Be6 $16) 12. Nd6+ $18 {[%mdl 64] [#] Double Attack} Ke7 13. Nc4 {[%csl LRb6,LRe5][%mdl 64] Double Attack} Nxe4 14. Nxb6 Nxd2 15. Nxc8+ Rxc8 {White has a decisive advantage.} 16. Kxd2 ({Don't take} 16. Nxd2 Nc6 $18) 16... Nc6 17. Bb5 Rc7 18. Bxc6 Rd8+ 19. Ke3 Rxc6 20. Rhd1 Rxd1 21. Rxd1 Ke8 22. Ke4 {Black did not feel at home in the position after the opening.  Weighted Error Value: White=0.11/Black=0.36} 1-0

[Event "1st Spring Festival Weekend 2021"]
[Site "Bassano del Grappa"]
[Date "2021.03.12"]
[Round "1.6"]
[White "Skrbec, Leon"]
[Black "Sonis, Francesco"]
[Result "0-1"]
[WhiteElo "1964"]
[BlackElo "2477"]
[Annotator "TA"]
[PlyCount "66"]
[EventDate "2021.03.12"]
[EventType "swiss"]
[EventCountry "ITA"]
[SourceTitle "playchess.com"]
[Source "ChessBase"]
[SourceQuality "1"]

{[%evp 13,66,3,0,-18,-22,-21,-18,-16,-16,-21,-12,-37,0,0,0,0,0,-16,-22,-83,-77,-120,-133,-129,-124,-184,-176,-183,-181,-177,-168,-213,-211,-218,-221,-217,-208,-243,-253,-277,-304,-373,-262,-341,-200,-447,-444,-421,-430,-792,-792,-757,-783,-29997,-29998]} 1. e4 e5 2. Nf3 Nc6 3. Bb5 a6 4. Ba4 d6 5. O-O Bg4 6. h3 h5 7. c3 Qf6 8. d3 {C72: Ruy Lopez: Deferred Steinitz: 5 0-0.} Bxf3 9. Qxf3 Qxf3 10. gxf3 {The position is equal.} Nge7 11. f4 O-O-O 12. f5 {[#]} g6 $146 ({Predecessor:} 12... d5 13. Nd2 d4 14. Bc2 dxc3 15. bxc3 g6 16. fxg6 Nxg6 17. Nf3 Bh6 18. Be3 Nf4 19. Bxf4 Bxf4 20. Rad1 Na7 21. Ba4 c5 22. Kh1 {½-½ (22) Petrov,V-Burkhanov,D (2197) Orsk 2000}) 13. f6 $1 {[%cal Rf6e7]} Ng8 14. Bg5 h4 15. Bd1 Bh6 16. Bg4+ (16. f4 $11) 16... Kb8 $17 {Black keeps a firm grip on the game.} 17. Bxh4 Bf4 $36 {[%mdl 2048] Black is in control.} 18. Bg3 Nxf6 19. Na3 (19. Kg2 $17) 19... Nxg4 $19 20. hxg4 Rh3 21. Kg2 Rdh8 22. b4 {[#]} Bxg3 $1 23. fxg3 Rh2+ 24. Kf3 Nd8 25. b5 axb5 26. Nxb5 Ne6 27. Ke3 Ng5 28. Rg1 Rb2 (28... d5 $142 29. a4 c6) 29. c4 $2 (29. Rab1 {was the only chance.} Rxa2 30. Rh1 Rxh1 31. Rxh1) 29... Rhh2 {[%csl Gb2][%cal Rh2e2] [#]} 30. Nc3 Ne6 31. Rab1 (31. Rh1 $142 Nd4 32. Rxh2 Rxh2 33. Rc1) 31... Rbc2 32. Rbc1 Nd4 {( -> ...Rhe2+!)} 33. Rge1 Rcg2 {[%cal Rg2g3] Weighted Error Value: White=0.74/Black=0.15} 0-1

[Event "1st Spring Festival Weekend 2021"]
[Site "Bassano del Grappa"]
[Date "2021.03.12"]
[Round "1.7"]
[White "Martin Duque, Jesus"]
[Black "Herega, Nejc"]
[Result "1/2-1/2"]
[WhiteElo "2454"]
[BlackElo "1960"]
[Annotator "TA"]
[PlyCount "79"]
[EventDate "2021.03.12"]
[EventType "swiss"]
[EventCountry "ITA"]
[SourceTitle "playchess.com"]
[Source "ChessBase"]
[SourceQuality "1"]

{[%evp 18,79,0,0,18,0,0,0,0,20,16,6,34,2,34,31,39,34,318,285,312,279,299,209,205,233,162,154,194,112,100,23,50,8,123,61,185,144,170,175,191,0,0,0,0,0,0,0,0,0,0,0,0,0,0,0,0,0,0,0,0,0,0,0]} 1. Nf3 Nf6 2. c4 c5 3. Nc3 Nc6 4. d4 cxd4 5. Nxd4 e6 6. e4 Bb4 7. Nxc6 bxc6 8. Bd3 e5 9. O-O O-O 10. Qc2 {Recently 10.Qe2 got a lot of attention.} d6 {B44: Sicilian: Taimanov: 5 Nb5.} 11. Na4 d5 {[#]} 12. cxd5 $146 ({Predecessor:} 12. a3 dxe4 13. Bxe4 Nxe4 14. Qxe4 Be7 15. Qxe5 Bf6 16. Qe4 Re8 17. Qc2 g6 18. Be3 {½-½ (41) Muslimov,E (2244)-Demianjuk,A (2360) Moscow 2019}) 12... cxd5 13. exd5 Qxd5 {next ...Bb7 is good for Black.} 14. Bc4 Qb7 15. Qb3 Be7 16. Be3 Qe4 17. Rfe1 {Threatens to win with Bc5.} Rb8 $2 {[%mdl 8192] [#]} 18. Bxf7+ $1 $18 {[%mdl 512]} Kh8 19. Qxb8 Bh3 {[%csl Gh3][%cal Re4g2] [#]} 20. f3 $1 Qc2 {[%csl Gh3][%cal Rc2g2] [#]} 21. Qxf8+ $1 Bxf8 {[%csl Gh3][%cal Rc2g2]} 22. gxh3 Qxa4 {[#]} 23. Rad1 (23. Red1 $1 $18 {[%cal Rd1d8]}) 23... g6 $16 24. Bf2 (24. Bb3 $16 Qh4 25. Bxa7 Qg5+ 26. Kh1) 24... Qf4 25. Bd5 Bd6 {[#]} (25... Nxd5 $11 {keeps the balance.} 26. Rxd5 Qxf3 27. Rexe5 (27. Rdxe5 Qxh3 28. Rg5 Qd7 $11) 27... Qxh3) 26. Be4 ({Not} 26. Bxa7 e4 $15) (26. Bg3 $1 $16 {[%cal Rg3f4]} Qf5 27. Bb3 Bc5+ 28. Kg2) 26... Bb4 ({Better is} 26... Nxe4 $14 27. fxe4 Bb4) 27. Bg3 ({And not} 27. Bxa7 Bxe1 28. Rxe1 Nxe4 $17) 27... Qg5 28. h4 Qh5 29. Rf1 (29. Re2 $18) 29... Bc5+ $11 {The position is equal.} 30. Kh1 {Strongly threatening Rd8+.} Nxe4 31. fxe4 Bd4 32. Rde1 Kg7 33. b3 Qg4 34. Kg2 h5 35. Rf3 Qd7 36. Re2 Qb5 37. Re1 Qb4 38. Re2 Qb5 39. Re1 Qb4 40. Re2 {Weighted Error Value: White=0.24/Black=0.35} 1/2-1/2

[Event "1st Spring Festival Weekend 2021"]
[Site "Bassano del Grappa"]
[Date "2021.03.12"]
[Round "1.8"]
[White "Zarpellon, Daniel"]
[Black "Shetty, Atulya"]
[Result "0-1"]
[WhiteElo "1950"]
[BlackElo "2447"]
[Annotator "TA"]
[PlyCount "116"]
[EventDate "2021.03.12"]
[EventType "swiss"]
[EventCountry "ITA"]
[SourceTitle "playchess.com"]
[Source "ChessBase"]
[SourceQuality "1"]

{[%evp 9,116,35,39,14,21,7,14,20,22,-22,13,13,28,20,36,0,0,15,56,48,60,30,41,0,0,0,0,-18,-8,-11,0,-18,-18,-11,0,-21,-22,-20,31,-20,-18,-33,-27,-28,0,-75,-75,-102,-102,-102,-97,-150,-136,-146,-145,-146,-151,-214,-188,-216,-229,-220,-183,-179,-161,-210,-205,-264,-264,-263,-267,-314,-288,-322,-283,-538,-384,-371,-292,-309,-277,-391,-339,-451,-440,-529,-615,-631,-608,-588,-573,-605,-602,-610,-578,-563,-586,-587,-567,-588,-560,-1639,-1619,-1487,-1439,-1245,-1041,-29976,-29973]} 1. d4 d5 2. Nf3 Nf6 3. c4 c6 4. e3 g6 5. Nc3 Bg7 6. a4 {D94: Grünfeld: 4 Nf3 Bg7 5 e3.} a5 7. Be2 O-O 8. O-O {[#] The position is equal.} Na6 $146 ({Predecessor:} 8... b6 9. Qb3 Na6 10. Ne5 Bb7 11. Bd2 Nb4 12. cxd5 cxd5 13. Rfc1 Rc8 14. Be1 Nd7 15. Nd3 Nxd3 16. Bxd3 {0-1 (27) Pogonina,N (2457)-Shen,Y (2468) Qinhuangdao 2018}) 9. Bd2 c5 10. cxd5 cxd4 11. Nxd4 Nb4 12. d6 Qxd6 13. Ncb5 Qb6 14. Bxb4 axb4 15. Qb3 Qa5 16. Rfc1 Bd7 17. h3 Rfc8 18. Qd1 Rxc1 19. Qxc1 Qb6 20. Qd2 Bf8 21. Bc4 $1 ({But not} 21. Qxb4 $2 e5 $19) 21... Ne4 22. Qe2 Nc5 23. b3 Qf6 (23... e6 $11) 24. Rd1 (24. Nc7 $14 Rd8 25. Nd5) 24... Rc8 $11 25. Na7 Rd8 26. Nab5 Ne4 {White must now prevent ...Bxb5.} 27. Qf3 (27. Bd5 $11 {keeps the balance.} Nc5 28. Bc4) 27... Bxb5 $17 {Black continues to play with concentration.} 28. Bxb5 Qxf3 29. gxf3 Nc3 30. Rf1 {[#]} (30. Rc1 $142) 30... Bg7 $1 31. Ne2 Nxb5 32. axb5 {[%mdl 4096] Endgame KRB-KRN} Rd2 33. Nf4 (33. Nc1 $17) 33... Bc3 34. Rb1 e5 35. Ng2 Rd5 36. e4 Rxb5 37. Ne3 {[#]} Ra5 $1 38. Kf1 Ra2 39. Kg2 Bd4 {Hoping for ...Bxe3.} 40. Nd1 Rc2 41. Kg3 Kg7 42. Kg2 $2 (42. Ne3 {might work better.} Re2 43. Rc1) 42... Kf6 43. Kg3 Kg5 44. h4+ Kf6 45. Kg2 (45. Ne3 $142 Bxe3 46. fxe3) 45... Ke6 46. Kg3 f5 47. Kg2 f4 48. Kh3 Kd6 49. Kg4 h6 50. h5 gxh5+ 51. Kxh5 Rd2 52. Kxh6 Rd3 53. Kg5 Rxf3 54. Kg4 Rd3 55. f3 Ke6 56. Rc1 Rxb3 57. Rc2 Rb1 58. Nf2 b3 {Weighted Error Value: White=0.51/Black=0.13} 0-1

[Event "1st Spring Festival Weekend 2021"]
[Site "Bassano del Grappa"]
[Date "2021.03.12"]
[Round "1.9"]
[White "Solomon, Kenny"]
[Black "Frescura, Davide"]
[Result "1-0"]
[WhiteElo "2357"]
[BlackElo "1948"]
[Annotator "TA"]
[PlyCount "85"]
[EventDate "2021.03.12"]
[EventType "swiss"]
[EventCountry "ITA"]
[SourceTitle "playchess.com"]
[Source "ChessBase"]
[SourceQuality "1"]

{[%evp 9,85,14,24,16,33,33,45,42,43,26,39,33,38,25,55,22,62,43,54,55,40,47,72,27,53,54,67,70,79,66,65,46,28,-25,-20,-29,0,-21,0,-19,-22,-57,60,40,60,68,53,61,181,174,210,202,276,275,262,294,289,264,251,245,300,304,298,302,394,387,29989,29990,29990,29991,29992,29993,29993,29994,29995,29996,29996,29997]} 1. d4 d5 2. Nf3 Nf6 3. c4 e6 4. g3 c6 5. Bg2 Bb4+ 6. Nc3 {E01: Catalan: Early deviations.} Ne4 7. Qc2 f5 8. O-O {White is slightly better.} O-O 9. Rd1 {[#]} Bd6 $146 ({Predecessor:} 9... Nd7 10. a3 Bd6 11. b4 Ndf6 12. Ne5 Qe8 13. f3 Nxc3 14. Qxc3 Qh5 15. Be3 Bd7 {1-0 (48) Klabis,R (2204)-Pocius,V (1705) Klaipeda 2014}) 10. Ne5 {[%cal Rc3e4]} Nd7 11. Nd3 Ndf6 12. b3 Qe8 13. c5 Bc7 14. f3 Nxc3 15. Qxc3 Nh5 16. Ne5 h6 17. Re1 f4 18. g4 Nf6 {[#]} 19. e3 $1 ({Don't play} 19. Bxf4 Nxg4 20. e3 (20. fxg4 Rxf4 21. e3 Rf8 $11) 20... Nxe5 $11) 19... fxe3 20. Qxe3 Nd7 21. Bb2 ({White should play} 21. Nd3) 21... Nxe5 $11 22. dxe5 Qd8 23. Bd4 b6 24. Rec1 Bd7 25. b4 {[%cal Bb3b4,Bb4a5,Ba5a6,Ba6a7][%mdl 32]} b5 ({Better is} 25... Qg5 $15 26. Qxg5 hxg5) 26. a4 $1 $14 bxa4 27. Rxa4 a5 28. Rca1 Qb8 {White stays focused until the end.} ({Black should try} 28... Bc8 $14) 29. bxa5 $18 Bc8 30. a6 Rf7 31. a7 Qb7 32. Bf1 {Ba6 is the strong threat.} Bd8 33. f4 Qe7 34. Bd3 Qf8 35. Bc3 Rb7 {Now ...Qf7 and Black clings on.} 36. Bc2 Qe7 {[%cal Rb7a7]} 37. Qd3 {aiming for Qh7+.} Rbxa7 $2 (37... g5 $18 38. Qg6+ Qg7 39. Qxg7+ Kxg7) 38. Qh7+ {White mates.} Kf8 {[#]} 39. Bg6 $1 {[%cal Rh7h8][%mdl 512]} Qxc5+ (39... Qf7 40. Bxf7) 40. Kh1 Rf7 41. Rxa8 Qe3 42. Qh8+ Ke7 43. R1a7+ {Weighted Error Value: White=0.08/Black=0.33} 1-0

[Event "1st Spring Festival Weekend 2021"]
[Site "Bassano del Grappa"]
[Date "2021.03.12"]
[Round "1.10"]
[White "Cagnotto, Marco"]
[Black "Lumachi, Gabriele"]
[Result "0-1"]
[WhiteElo "1930"]
[BlackElo "2316"]
[Annotator "TA"]
[PlyCount "44"]
[EventDate "2021.03.12"]
[EventType "swiss"]
[EventCountry "ITA"]
[SourceTitle "playchess.com"]
[Source "ChessBase"]
[SourceQuality "1"]

{[%evp 9,44,2,10,5,19,-4,11,-22,0,-8,0,0,35,-33,-21,-53,-50,-51,-37,-48,-67,-183,-175,-352,-354,-473,-475,-459,-454,-490,-488,-488,-476,-517,-520,-504,-505]} 1. e4 c5 2. Nc3 d6 3. d4 cxd4 4. Qxd4 Nc6 5. Qd2 g6 6. b3 {B23: Closed Sicilian: Lines without g3.} Bh6 7. f4 Nf6 8. Bb2 {The position is equal.} O-O 9. O-O-O e5 10. g3 Re8 {[#]} 11. Qxd6 $146 (11. Kb1 $14) ({Predecessor:} 11. Kb1 Nd4 12. Bg2 Bg4 13. Re1 Rc8 14. h3 Be6 15. Nf3 Nxf3 16. Bxf3 Qa5 17. Rh2 exf4 {1-0 (61) Gukesh,D (2563)-Sarana,A (2640) Chess.com INT 2020}) 11... Bg4 12. Qxd8 Raxd8 13. Rxd8 Rxd8 14. h3 Be6 15. Nf3 {[#]} (15. Nge2 $15) 15... Nh5 $1 $19 ({Worse is} 15... exf4 16. g4 $11) 16. Ng5 $2 (16. g4 {is a better defense.} Bxf4+ 17. Kb1) 16... Nxg3 17. Nxe6 fxe6 {Black is clearly winning.} ({Less strong is} 17... Nxh1 18. Nxd8 Bxf4+ 19. Kd1 $15) 18. Rg1 exf4 19. Bc4 Kf7 20. Kb1 Ne5 21. Bc1 Nxc4 22. bxc4 g5 {Weighted Error Value: White=0.48/Black=0.03} 0-1